000 01612nam a2200241 a 4500
005 20180803165350.0
008 140128b2004 ck ||||| |||| 00| 0 spa d
040 _cCO-BoIH
041 _aspa
090 _aIAVH
_b00936
100 _aCristancho, Edwin
_95603
245 _aEvaluación en términos económicos, institucionales y financieros de los incentivos económicos directos e indirectos existentes para apoyar la competitividad del subsector de las plantaciones forestales comerciales y su industria derivada; y examen de los casos de transacción en que incurre el sector privado para cumplir con la normatividad regulatoria relacionada con las prácticas de manejo forestal de plantaciones
260 _aBogotá
_bInstituto Alexander von Humboldt
_bCONIF
_c2004
300 _a48 p.
520 _aCuenta de la evaluación en términos económicos, institucionales y financieros de los incentivos económicos directos e indirectos existentes para apoyar la competitividad del subsector de las plantaciones forestales comerciales y su industria derivada, desde su abordaje metodológico y marco conceptual, instrumentos económicos, diagnósticos del sector forestal, evaluación económica, financiera e institucional de incentivos directos e indirectos para el subsector de las plantaciones forestales comerciales y su industria derivada y recomendaciones
650 _aDiagnóstico
_930320
650 _aEvaluación económica
_95604
650 _aIncentivos
_992522
650 _aSector forestal
_92383
700 _aRodríguez, Jean Carlos
_91343
942 _cINFORME
_2z
_01
945 _d2008-07-08
999 _c6376
_d6376